Glosario jurídico fiscal penal /
Đã lưu trong:
| Tác giả chính: | |
|---|---|
| Định dạng: | Sách |
| Ngôn ngữ: | Tiếng Tây Ban Nha |
| Được phát hành: |
México :
IURE,
2005, c2005
|
| Loạt: | (Glosarios Jurídicos Temáticos en Materia Fiscal ; Tercera Serie ;
3) |
| Những chủ đề: | |
| Các nhãn: |
Không có thẻ, Là người đầu tiên thẻ bản ghi này!
|
MARC
| LEADER | 00000nam^a2200000^a^4500 | ||
|---|---|---|---|
| 001 | 000189880 | ||
| 005 | 20250521000000.0 | ||
| 009 | 20260310102429.319 | ||
| 020 | |a 968-5409-83-4 | ||
| 020 | |a 968-5409-81-1 | ||
| 037 | |a Acervo ITESO - Biblioteca | ||
| 041 | |a ESP | ||
| 082 | |a 343. 7204 |b GLO S. 3 V. 4 | ||
| 100 | |a Carrasco Iriarte, Hugo |e (autor) | ||
| 240 | 1 | 1 | |a [Glosarios jurídicos temáticos en materia fiscal] |
| 245 | 1 | 0 | |a Glosario jurídico fiscal penal / |c H. Carrasco Iriarte. |
| 264 | 4 | |a México : |b IURE, |c 2005, c2005 | |
| 300 | |a 183 p. | ||
| 336 | |a texto |b txt |2 rdacontenido | ||
| 337 | |a sin mediación |b n |2 rdamedio | ||
| 338 | |a volumen |b nc |2 rdasoporte | ||
| 440 | 1 | |a (Glosarios Jurídicos Temáticos en Materia Fiscal ; |p Tercera Serie ; |v 3) | |
| 649 | |a XX | ||
| 650 | |a Derecho Fiscal - |z México - |x Enciclopedias y Diccionarios - |x Tema Principal | ||
| 650 | |a Derecho Administrativo - |z México - |x Enciclopedias y Diccionarios | ||
| 650 | |a Derecho Penal - |z México - |x Enciclopedias y Diccionarios | ||
| 650 | |a Derecho Público - |z México - |x Enciclopedias y Diccionarios | ||
| 650 | |a Derecho - |z México - |x Enciclopedias y Diccionarios | ||
| 650 | |a Enciclopedias y Diccionarios | ||
| 910 | |a Fondo General | ||
| 920 | |a Impresos - Libros | ||
| 930 | |a Obras de Referencia | ||
| 905 | |a 102 | ||
| 901 | |a 0500132992 |b IT2 |c REF |u 20250521 | ||
| 902 | |a https://opac.biblio.iteso.mx/vufind/Record/000189880 | ||